000 01659nam a2200277 a 4500
005 20080610095639.0
008 080528s2007 enka 001 0deng
010 _aB-269616-620, B-284181
020 _a9780230017795
_c£ 5.99 (503.00), £2.99 266.10
035 _aB-269616-620, B-284181
040 _adpl
_bEnglish
082 _aN
100 _aBaldacci, David
240 _aÖteki renkler.
_lEnglish
245 _aStone cold /
_cby David Baldacci
260 _aLondon :
_bMacmillan
_c2007
300 _a388p.
_c23cm (pbk)
942 _2ddc
_cEN
_mBAL
_hN
999 _c16028
_d16028